Anagrammes : mots anglais - Statistiques

Statistiques générales
  • Ce quiz a été pris 17 fois
  • Le résultat moyen est 6 sur 20
Statistiques - réponses
Hint Réponse % Correct
March Charm
88%
Rangy Angry
75%
Could Cloud
63%
Sauce Cause
44%
Fiche Chief
44%
Fleam Flame
44%
Easel Lease
38%
Gamic Magic
38%
Crepe Creep
31%
Dusty Study
31%
Macer Cream
25%
Faker Freak
25%
Banco Bacon
19%
Educe Deuce
13%
Pique Equip
13%
Latex Exalt
13%
Eosin Noise
13%
Civet Evict
6%
Dingy Dying
0%
Deify Edify
0%
Aucun quiz correspondant
Distribution des résultats
% des personnes avec chaque résultat
Percentile par nombre de réponses
Votre historique - résultats
Vous n’avez pas pris ce quiz